| 000 | 00839cam a2200205 4500 | ||
|---|---|---|---|
| 001 | WB3834-11 | ||
| 008 | 020919n2002 000 0 eng u | ||
| 035 | _a(Sirsi) u119749 | ||
| 245 | _a£1.2bn for new housing | ||
| 260 | _c2002 | ||
| 490 |
_aODPM News Release _v(079) 18 September 2002, (2) |
||
| 520 | _aGovernment announces a new £1.2bn housebuilding programme, an increase of £365m on the current year. The additional funds have been allocated to the Housing Corporation's Approved Development Programme and should deliver up to 22 700 homes in 2003-04, exceeding government's social housing target for 2001-04. www.odpm.gov.uk/news/0209/0079.htm | ||
| 590 | _aWB | ||
| 650 | _aHOUSE BUILDING | ||
| 650 | _aNEW HOUSING | ||
| 650 | _aGOVERNMENT FUNDING | ||
| 650 | _aSOCIAL HOUSING | ||
| 690 | _aHOUSING | ||
| 942 | _n0 | ||
| 999 |
_c71178 _d71178 |
||